Thi sĩ Phạm Hầu trong phong trào Thơ Mới 1932 - 1945 /

Đã lưu trong:
Sonraí Bibleagrafaíochta
Príomhúdar: Hoàng Sĩ Nguyên.
Formáid: Bài viết
Teanga:Vietnamese
Ábhair:
Clibeanna: Cuir Clib Leis
Gan Chlibeanna, Bí ar an gcéad duine leis an taifead seo a chlibeáil!
Thư viện lưu trữ: Thư viện Trường Đại học Đà Lạt
LEADER 00776nam a2200265 4500
001 DLU090103805
005 ##20130506
040 # # |a DLU  |b vie 
041 # # |a vie 
044 # # |a vn 
100 # # |a Hoàng Sĩ Nguyên. 
245 # # |a Thi sĩ Phạm Hầu trong phong trào Thơ Mới 1932 - 1945 /  |c Hoàng Sĩ Nguyên. 
653 # # |a Cảm xúc 
653 # # |a Tâm trạng 
653 # # |a Văn học lãng mạn 
773 # # |t Tạp chí Khoa học (Đại học Huế)   |g Số 12, 2002, tr. 67-72 
920 # # |a Phòng Tạp chí -- Trung tâm Thông tin - Thư viện Trường Đại học Đà Lạt 
994 # # |a DLU 
900 # # |a True 
911 # # |a Nguyễn Thị Linh Chi 
925 # # |a G 
926 # # |a A 
927 # # |a BB 
980 # # |a Thư viện Trường Đại học Đà Lạt